| 000 | 00828nam a2200265Ia 4500 | ||
|---|---|---|---|
| 001 | Para_4756 | ||
| 003 | CHAP | ||
| 008 | 220125s1965 xx 000 0 und d | ||
| 010 | _a203230 | ||
| 040 | _cCHAP | ||
| 090 | _aPA FOLLETO 2158 | ||
| 100 |
_aRace, S. R. _993640 |
||
| 245 |
_aImportance and control of western flower thrips, Frankliniella occidentalis on seedling cotton / _c S. R. Race |
||
| 260 |
_aLas Cruces, State College : _b New México State University |
||
| 300 | _a24 p. | ||
| 440 |
_aNew México Agr. Exp. Sta. Bull.; 497 _9168906 |
||
| 650 |
_aFrankliniella Algodón _x Plagas Tisanópteros _9168907 |
||
| 901 | _aPA FOLLETO 2158 | ||
| 902 | _aA | ||
| 905 | _a0000001965 LAS 0000000000 00 | ||
| 910 | _a1965 | ||
| 942 | _cPARA | ||
| 942 |
_cPARA _d1 |
||
| 999 |
_c203230 _d203230 |
||